| 000 -ლიდერი |
| ფიქსირებული სიგრძის საკონტროლო ველი |
01415nam a2200241Ia 4500 |
| 001 - საკონტროლო ნომერი |
| საკონტროლო ველი |
17573 |
| 003 - საკონტროლო ნომრის იდენტიფიკატორი |
| საკონტროლო ველი |
GE_BSU |
| 005 - ბოლო ოპერაციის თარიღი და დრო |
| საკონტროლო ველი |
20200220103344.0 |
| 008 - ფიქსირებული სიგრძის მონაცემთა ელემენტები - ზოგადი ინფორმაცია |
| ფიქსირებული სიგრძის საკონტროლო ველი |
181216s2015 xx |||||||||||||| ||geo|| |
| 020 ## - წიგნის საერთაშორისო სტანდარტული ნომერი |
| International Standard Book Number |
9789941462214 |
| 040 ## - კატალოგიზაციის წყარო |
| Transcribing agency |
GE_BSU |
| 041 ## - ენის კოდი |
| Language code of text/sound track or separate title |
geo |
| 080 ## - უნივერსალური ათობითი კლასიფიკაციის ინდექსი |
| Universal Decimal Classification number |
821.353.31-84+811.353.31'374.81 მ-55 |
| 100 ## - მთავარი ჩანაწერი - პიროვნების სახელი |
| Personal name |
მემიშიში, ომარ. |
| 9 (RLIN) |
7191 |
| 245 ## - ცნობა სათაურის შესახებ |
| Title |
ლაზური ანდაზები და იდიომები / |
| Statement of responsibility, etc |
ომარ მემიშიში ; რედ. მამია ფაღავა. |
| 264 ## - წარმოების, გამოცემის, დისტრიბუციის და სხვა ცნობები |
| გამოცემის, წარმოების, დისტრიბუციის... ადგილი |
ბათუმი. : |
| გამოცემის, წარმოების, დისტრიბუციის... სახელწოდება |
შოთა რუსთაველის უნიტის გამ-ბა, |
| გამოცემის, წარმოების, დისტრიბუციის... თარიღი |
2015. |
| 300 ## - ფიზიკური აღწერა |
| Extent |
178 გვ; |
| Dimensions |
20 სმ. |
| 653 ## - INDEX TERM--UNCONTROLLED |
| Uncontrolled term |
ლაზური ანდაზები და იდიომები |
| 653 ## - INDEX TERM--UNCONTROLLED |
| Uncontrolled term |
ფილოლოგია |
| 653 ## - INDEX TERM--UNCONTROLLED |
| Uncontrolled term |
წიგნში შეტანილია ავტორის მიერ შეგროვებული ლაზური ანდაზები და იდიომები გამოთქმები.წიგნი კარგ სამსახურს გაუწევს ქართველური ენებით დაინტერესებულ მკვლევარებს. |
| 700 ## - ADDED ENTRY--PERSONAL NAME |
| Personal name |
მემიშიში, ომარ |
| Relator term |
რედაქტორი |
| 9 (RLIN) |
7192 |
| 942 ## - ADDED ENTRY ELEMENTS (KOHA) |
| Koha item type |
წიგნი |
| Source of classification or shelving scheme |
|